<?xml version="1.0" encoding="UTF-8"?>
<record
    xmlns:xsi="http://www.w3.org/2001/XMLSchema-instance"
    xsi:schemaLocation="http://www.loc.gov/MARC21/slim http://www.loc.gov/standards/marcxml/schema/MARC21slim.xsd"
    xmlns="http://www.loc.gov/MARC21/slim">

  <leader>02802cam a2200325 i 4500</leader>
  <controlfield tag="001">16138395</controlfield>
  <controlfield tag="003">EG-ScBUE</controlfield>
  <controlfield tag="005">20230315112453.0</controlfield>
  <controlfield tag="008">100316s2011    enka   f b    001 0 eng d</controlfield>
  <datafield tag="020" ind1=" " ind2=" ">
    <subfield code="a">9780415588256 (pbk.)</subfield>
  </datafield>
  <datafield tag="040" ind1=" " ind2=" ">
    <subfield code="a">DLC</subfield>
    <subfield code="b">eng</subfield>
    <subfield code="e">rda</subfield>
    <subfield code="c">DLC</subfield>
    <subfield code="d">YDXCP</subfield>
    <subfield code="d">BWK</subfield>
    <subfield code="d">BWX</subfield>
    <subfield code="d">MIA</subfield>
    <subfield code="d">NYP</subfield>
    <subfield code="d">U5D</subfield>
    <subfield code="d">N15</subfield>
    <subfield code="d">CDX</subfield>
    <subfield code="d">DLC</subfield>
    <subfield code="d">EG-ScBUE</subfield>
  </datafield>
  <datafield tag="082" ind1="0" ind2="4">
    <subfield code="a">791.4532</subfield>
    <subfield code="2">22</subfield>
    <subfield code="b">POL</subfield>
  </datafield>
  <datafield tag="245" ind1="0" ind2="4">
    <subfield code="a">The politics of reality television :</subfield>
    <subfield code="b">global perspectives /</subfield>
    <subfield code="c">edited by Marwan M. Kraidy, Katherine Sender.</subfield>
  </datafield>
  <datafield tag="264" ind1=" " ind2="1">
    <subfield code="a">Oxon ;</subfield>
    <subfield code="a">New York :</subfield>
    <subfield code="b">Routledge / Taylor &amp; Francis Group,</subfield>
    <subfield code="c">2011.</subfield>
  </datafield>
  <datafield tag="300" ind1=" " ind2=" ">
    <subfield code="a">xi, 225 pages :</subfield>
    <subfield code="b">illustrations ;</subfield>
    <subfield code="c">24 cm.</subfield>
  </datafield>
  <datafield tag="336" ind1=" " ind2=" ">
    <subfield code="2">rdacontent</subfield>
    <subfield code="a">text</subfield>
    <subfield code="b">txt</subfield>
  </datafield>
  <datafield tag="337" ind1=" " ind2=" ">
    <subfield code="2">rdamedia</subfield>
    <subfield code="a">unmediated</subfield>
    <subfield code="b">n</subfield>
  </datafield>
  <datafield tag="338" ind1=" " ind2=" ">
    <subfield code="2">rdacarrier</subfield>
    <subfield code="a">volume</subfield>
    <subfield code="b">nc</subfield>
  </datafield>
  <datafield tag="490" ind1="0" ind2=" ">
    <subfield code="a">Shaping inquiry in culture, communication and media studies</subfield>
  </datafield>
  <datafield tag="504" ind1=" " ind2=" ">
    <subfield code="a">Includes bibliographical references and index.
</subfield>
  </datafield>
  <datafield tag="505" ind1="0" ind2=" ">
    <subfield code="a">Real worlds : migrating genres, travelling participants, shifting theories / Katherine Sender -- Producing identity. Introduction / Keren Tenenboim-Weinblatt -- Real-izing exploitation / Mark Andrejevic -- When reality TV is a job / Francois Jost -- Just be yourself -- only more so : ordinary celebrity in the era of self-service television / Laura Grindstaff -- Laboring the self. Introduction / Adrienne Shaw -- Governing bodies / Gareth Palmer -- Globalizing lifestyles? makeover television in Singapore / Tania Lewis -- Reacting to reality TV : the affective economy of an "extended social/public realm" / Helen Wood and Beverly Skeggs -- Performing the nation. Introduction / Oren Livio -- Commercial nationalism on Balkan reality television / Zala Volcic and Mark Andrejevic -- World citizens "a la Francaise : Star academy and the negotiations of "French" identities / Fabienne Darling-Wolf -- Reality television and the making of mobile publics : the case of Indian idol / Aswin Punathambekar -- Migrating economies. Introduction / Tara Liss-Marino -- New industry dynamics : lessons from reality TV in Norway / Yngvar Kjus -- -- Continental reality television and the expansion of South African capital / Sean Jacobs -- Making populations appear / Nick Couldry -- Reality television in new Worlds / Marwan Kraidy.</subfield>
  </datafield>
  <datafield tag="520" ind1="8" ind2=" ">
    <subfield code="a">While the industrial history of the global migrations of reality television is well established, there has been less consideration of the theoretical &amp; methodological implications of this expansion. This book considers ways in which these migrations test our understanding of reality television across the globe.</subfield>
  </datafield>
  <datafield tag="650" ind1=" " ind2="7">
    <subfield code="a">Reality television programs</subfield>
    <subfield code="x">Political aspects.</subfield>
    <subfield code="2">BUEsh</subfield>
  </datafield>
  <datafield tag="651" ind1=" " ind2=" ">
    <subfield code="2">BUEsh</subfield>
  </datafield>
  <datafield tag="653" ind1=" " ind2=" ">
    <subfield code="b">COMAME</subfield>
    <subfield code="c">June2015</subfield>
  </datafield>
  <datafield tag="655" ind1=" " ind2=" ">
    <subfield code="v">Reading book</subfield>
  </datafield>
  <datafield tag="700" ind1="1" ind2=" ">
    <subfield code="a">Kraidy, Marwan M.,</subfield>
    <subfield code="d">1972-</subfield>
    <subfield code="e">editor.</subfield>
  </datafield>
  <datafield tag="700" ind1="1" ind2=" ">
    <subfield code="a">Sender, Katherine,</subfield>
    <subfield code="e">editor.</subfield>
  </datafield>
  <datafield tag="942" ind1=" " ind2=" ">
    <subfield code="2">ddc</subfield>
    <subfield code="c">BB</subfield>
  </datafield>
  <datafield tag="999" ind1=" " ind2=" ">
    <subfield code="c">19798</subfield>
    <subfield code="d">19770</subfield>
  </datafield>
  <datafield tag="952" ind1=" " ind2=" ">
    <subfield code="0">0</subfield>
    <subfield code="1">0</subfield>
    <subfield code="2">ddc</subfield>
    <subfield code="4">0</subfield>
    <subfield code="7">0</subfield>
    <subfield code="8">Alahram</subfield>
    <subfield code="a">MAIN</subfield>
    <subfield code="b">MAIN</subfield>
    <subfield code="c">2ND</subfield>
    <subfield code="d">2015-06-22</subfield>
    <subfield code="e">purchase</subfield>
    <subfield code="g">246.00</subfield>
    <subfield code="h">314</subfield>
    <subfield code="l">1</subfield>
    <subfield code="o">791.4532 POL</subfield>
    <subfield code="p">000038713</subfield>
    <subfield code="r">2025-07-15 00:00:00</subfield>
    <subfield code="s">2017-02-13</subfield>
    <subfield code="v">307.50</subfield>
    <subfield code="y">BB</subfield>
  </datafield>
</record>
